• 首页
  • 本馆介绍
  • 公告通知
  • 最新文献
  • 馆藏检索
  • 电子资源
  • 读者导购
  • 参考咨询
  • 我的图书馆
  • 登录
  • 详细信息显示
  • 放入我的书架
  • 预约/预借图书
  • 作者相关作品
  • 分类相关作品
  • 丛书相关作品
  • 出版社相关作品

书目信息

  • 表格格式
  • 工作单格式
  • 卡片格式
题名:
教育督导资料集粹
    
 
作者: 张茵 主编
分册: 下  
出版信息: 长春   吉林人民出版社  2005
页数: 439页
开本: 20cm
丛书名:
单 册:
中图分类: G464
科图分类:
主题词: 教育视导--研究 , 教育视导
电子资源:
ISBN: 7-206-03251-6
000 00813nam0 2200253 45
001 012006200041
005 20070106091431.96
010    @a7-206-03251-6@dCNY62.50(上下)
092    @aCN@b485686
100    @a20060206d2005 em y0chiy0120 ea
101 0  @achi
102    @aCN@b220000
105    @ay lnz 000yy
200 1  @a教育督导资料集粹@Ajiao yu du dao zi liao ji cui@h下@f张茵主编@Fzhang yin zhu bian
205    @a2版
210    @a长春@c吉林人民出版社@d2005
215    @a439页@d20cm
330    @a本书编辑了四方面的资料:一是法律法规和行政规章等重要文件、二是领导讲话、三是督导评估方案与指标体系、四是理论探索和实践经验等文章。
606 0  @a教育视导@x研究
606 0  @a教育视导
690    @aG464@v4
701  0 @a张茵@Azhang yin@4主编
801  0 @aCN@bLZJBOOK@c20070106
905    @a10447@dG464@e11:2=2
    
    教育督导资料集粹.下/张茵主编.-2版.-长春:吉林人民出版社,2005
    439页;20cm
    
    
    ISBN 7-206-03251-6:CNY62.50(上下)
    本书编辑了四方面的资料:一是法律法规和行政规章等重要文件、二是领导讲话、三是督导评估方案与指标体系、四是理论探索和实践经验等文章。
●
相关链接 在E读中查询图书 在五车中查询图书 在当当中查询图书 在豆瓣中查询图书


正题名:教育督导资料集粹     索取号:G464/11:2=2         预约/预借

序号 登录号 条形码 馆藏地/架位号 状态 备注
1 0559109   205591091   第一样本阅览室/ [索取号:G464/11:2=2] 在馆    
2 0559110   205591108   第四借阅区/ [索取号:G464/11:2=2] 在馆    
3 0559111   205591117   第四借阅区/ [索取号:G464/11:2=2] 在馆    
4 0559112   205591126   第四借阅区/ [索取号:G464/11:2=2] 在馆    
5 0559113   205591135   第四借阅区/ [索取号:G464/11:2=2] 在馆    
6 0559114   205591144   密集书库/ [索取号:G464/11:2=2] 在馆    
7 0559115   205591153   密集书库/ [索取号:G464/11:2=2] 在馆    
8 0559116   205591162   密集书库/ [索取号:G464/11:2=2] 在馆    
唐山师范学院图书馆 欢迎您!
大连网信软件有限公司© 版权所有